| 000 | 00000nam##2200000za#4500 |
| 001 | 9.698987 |
| 003 | CaOODSP |
| 005 | 20241203113638 |
| 007 | cr ||||||||||| |
| 008 | 150407|2005||||xxc|||||o f|0| 0 eng|d |
| 040 | |aCaOODSP|beng |
| 043 | |an-cn--- |
| 086 | 1 |aEn84-112/2005E-PDF |
| 110 | 1 |aCanada. |bEnvironment Canada. |
| 245 | 10|aLinking ecological monitoring to decision-making at community and landscape scales / |h[electronic resource]|cedited by Marlene Doyle and Maureen Lynch. |
| 260 | |aOttawa - Ontario : |bEnvironment Canada |cFebruary 2005. |
| 300 | |a54p.|bcoloured maps, figs. (some coloured), references, tables, photographs |
| 500 | |a"Papers delivered at a session of the Consortium for Advancing Monitoring of Ecosystem Sustainability in the Americas (CAMESA): Monitoring Science and Technology Symposium, September, 2004, Denver, Colorado"--Page 3. |
| 590 | |a14-08-Supp|b2014-04-10 |
| 690 | 07|aCommunity partnerships|2gcpds |
| 690 | 07|aEnvironmental management|2gcpds |
| 775 | 08|tMise en commun de la surveillance écologique et de la prise de décision au niveau local et au niveau du paysage / |w(CaOODSP)9.643036 |
| 856 | 40|ahttp://publications.gc.ca|qPDF|s935 KB|uhttps://publications.gc.ca/collections/collection_2014/ec/En84-112-2005-eng.pdf |